Marvel Characters by Picture #2 - Statistics

General Stats
  • This quiz has been taken 11,148 times
    10,949 since last reset
  • The average score is 15 of 20
Answer Stats
Picture Answer % Correct
Loki
99%
Groot
96%
Odin
91%
Rocket Raccoon
91%
Drax the Destroyer
82%
Pepper Potts
82%
Harold "Happy" Hogan
81%
Michelle "MJ" Jones
81%
(Aunt) May Parker
80%
Jane Foster /
The Mighty Thor
79%
Johann Schmidt /
Red Skull
79%
Hope Van Dyne /
The Wasp
74%
Brunnhilde /
Valkyrie
72%
Quentin Beck /
Mysterio
70%
Peggy Carter
69%
Ned Leeds
68%
Heimdall
67%
Hank Pym
63%
Phil Coulson
48%
Whiplash /
Ivan Vanko
46%
No matching quizzes found
Score Distribution
Percent of People with Each Score
Percentile by Number Answered
Your Score History
You have not taken this quiz since the last reset